LEADER 02138nas 2200409 n 450 001 990008934300403321 005 20240229084308.0 011 $a1125-9728 035 $a000893430 035 $aFED01000893430 035 $a(Aleph)000893430FED01 035 $a000893430 091 $2CNR$aP 00019574 100 $a20161109b18761938km-y0itaa50------ba 101 0 $aita 102 $aIT 110 $aauu-------- 200 1 $aBullettino della R. Società Toscana di Orticultura 207 1$a1876-1938 210 $aFirenze$c[s.n.] 440 0$1001000904867$12001$aRivista della Società Toscana di Orticultura 530 0 $aBullettino della R. Società Toscana di Orticultura 675 $a635 712 02$aR.Società Toscana di Orticultura Federazione Italiana delle Società Orticole 801 0$aIT$bACNP$c20090723 859 4 $uhttp://acnp.cib.unibo.it/cgi-ser/start/it/cnr/dc-p1.tcl?catno=11820&person=false&language=ITALIANO&libr=&libr_th=unina1$zBiblioteche che possiedono il periodico 901 $aSE 912 $a990008934300403321 958 $aBiblioteca. Dipartimento di Scienze del Suolo, della Pianta, dell'Ambiente e delle Produzioni Animali-Sez. Genetica vegetale e ortofloricoltura Napoli$b1934;1936;1938.$fDAGGV 958 $aBiblioteca Centralizzata. Facoltà di Agraria dell'Università Federico II di Napoli$b1876-1938.$fFAGBC 959 $aDAGGV 959 $aFAGBC 996 $aBullettino della R. Società Toscana di Orticultura$9796382 997 $aUNINA AP1 8 $6866-01$aNA084 Biblioteca. Dipartimento di Scienze del Suolo, della Pianta, dell'Ambiente e delle Produzioni Animali-Sez. Genetica vegetale e ortofloricoltura Napoli$ev. Università,100, 80055 Portici (NA)$m08125.39322$nit AP1 8 $6866-02$aNA087 Biblioteca Centralizzata. Facoltà di Agraria dell'Università Federico II di Napoli$ev. Università, 100 Palazzo Reale, 80055 Portici (NA)$m081-2539322$m081-7760229$nit AP2 40$aacnp.cib.unibo.it$nACNP Italian Union Catalogue of Serials$uhttp://acnp.cib.unibo.it/cgi-ser/start/it/cnr/df-p.tcl?catno=11820&language=ITALIANO&libr=&person=&B=1&libr_th=unina&proposto=NO